000 00229nam a2200097Ia 4500
008 240331s9999 xx 000 0 und d
082 _bMUT
100 _aMuthuchidambaram, S
245 0 _aTamilaga nattupuraviyalil pengal
942 _cL
999 _c3624
_d3624